| 000 | 01005nac a22002771u 4500 | ||
|---|---|---|---|
| 010 | _a96032494 | ||
| 020 | _a0070644365 | ||
| 022 | _a007114787x : | ||
| 082 | 0 | 0 |
_a332.1 _bTHO |
| 090 |
_c4055 _d4055 |
||
| 100 | _aThomas, Lloyd Brewster | ||
| 245 | 1 | 0 |
_aMoney, banking, and financial markets / _cLloyd B. Thomas. |
| 250 | _aOne copy is an International ed. | ||
| 260 |
_aNew York : _bMcGraw-Hill Companies,1997. _cc1997. |
||
| 300 |
_axxiii, 678 p. : _bill (some col.) ; _c25 cm. |
||
| 500 | _aOne copy Distributed by Dar Fathy Taha Mohamed Desoukey | ||
| 504 | _aIncludes bibliographical references and index. | ||
| 511 | _aCatalogued by: Sara | ||
| 650 | 0 | _aMoney. | |
| 650 | 0 | _aMonetary policy. | |
| 650 | 0 | _aBanks and banking. | |
| 650 | 0 | _aSecurities. | |
| 942 |
_cBB _k332.1THO |
||
| 999 |
_c4055 _d4055 |
||